Catálogo público

Evaluación de la sostenibilidad a base de resiliencia integral en huertos familiares en el Totonacapan, México = Evaluation of the sustainability based on integral resilience of homegardens in Totonacapan, México / (Record no. 218422)

MARC details
000 -CABECERA
campo de control de longitud fija 01368nam a22002777a 4500
003 - IDENTIFICADOR DEL NÚMERO DE CONTROL
campo de control OSt
005 - FECHA Y HORA DE LA ÚLTIMA TRANSACCIÓN
campo de control 20230314095122.0
007 - CAMPO FIJO DE DESCRIPCIÓN FÍSICA--INFORMACIÓN GENERAL
campo de control de longitud fija cr ||||||a|c|a
008 - DATOS DE LONGITUD FIJA--INFORMACIÓN GENERAL
campo de control de longitud fija 230220s2021 mx a|||fom||| 001 0 eng d
040 ## - FUENTE DE LA CATALOGACIÓN
Normas de descripción rda
100 0# - ENTRADA PRINCIPAL--NOMBRE DE PERSONA
9 (RLIN) 93771
Nombre de persona Rajagopal Reddiar, Indumathi
245 1# - MENCIÓN DE TÍTULO
Título Evaluación de la sostenibilidad a base de resiliencia integral en huertos familiares en el Totonacapan, México = Evaluation of the sustainability based on integral resilience of homegardens in Totonacapan, México /
Mención de responsabilidad, etc. por Indumanthi Rajagopal Reddiar; director de tesis Jesús Axayácatl Cuevas Sánchez.
264 ## - PRODUCCIÓN, PUBLICACIÓN, DISTRIBUCIÓN, FABRICACIÓN Y COPYRIGHT
Producción, publicación, distribución, fabricación y copyright Chapingo, México :
Nombre del de productor, editor, distribuidor, fabricante El autor,
Fecha de producción, publicación, distribución, fabricación o copyright 2021.
300 ## - DESCRIPCIÓN FÍSICA
Extensión 1 recurso en línea (231 páginas).
Otras características físicas figuras, tablas.
336 ## - TIPO DE CONTENIDO
Fuente rdacontent
Término de tipo de contenido texto
Código de tipo de contenido txt
337 ## - TIPO DE MEDIO
Fuente rdamedia
Nombre/término del tipo de medio computadora
Código del tipo de medio c
338 ## - TIPO DE SOPORTE
Fuente rdacarrier
Nombre/término del tipo de soporte recurso en línea
Código del tipo de soporte cr
502 ## - NOTA DE TESIS
Tipo de título Doctorado en Ciencias en Agricultura Multifuncional para el Desarrollo Sostenible
Nombre de la institución que otorga el título Departamento de Enseñanza, Investigación y Servicio en Fitotecnia,
Año de obtención del título 2021.
504 ## - NOTA DE BIBLIOGRAFÍA, ETC.
Nota de bibliografía, etc. Incluye referencias bibliográficas: páginas 64-83,100-108,137-143,189-195.
650 #2 - PUNTO DE ACCESO ADICIONAL DE MATERIA--TÉRMINO DE MATERIA
9 (RLIN) 133581
Término de materia o nombre geográfico como elemento de entrada Huertos familiares
Subdivisión general Aspectos socioeconómicos
650 #2 - PUNTO DE ACCESO ADICIONAL DE MATERIA--TÉRMINO DE MATERIA
9 (RLIN) 129657
Término de materia o nombre geográfico como elemento de entrada Huertos familiares
Subdivisión general Rendimiento
650 #2 - PUNTO DE ACCESO ADICIONAL DE MATERIA--TÉRMINO DE MATERIA
9 (RLIN) 106746
Término de materia o nombre geográfico como elemento de entrada Sistemas de cultivo
700 0# - PUNTO DE ACCESO ADICIONAL--NOMBRE DE PERSONA
9 (RLIN) 30185
Nombre de persona Cuevas Sánchez, Jesús Axayácatl
Término indicativo de función/relación Director de tesis.
856 ## - LOCALIZACIÓN Y ACCESO ELECTRÓNICOS
Identificador Uniforme del Recurso http://10.13.5.2/tesis/td/2021_FI_Rajagopal_Indumathi.pdf
Nota pública DESCARGAR PDF
942 ## - ELEMENTOS DE PUNTO DE ACCESO ADICIONAL (KOHA)
Fuente del sistema de clasificación o colocación Clasificación Universidad Autónoma Chapingo
Tipo de ítem Koha Tesis digital
Holdings
Estado de retiro Estado de pérdida Fuente del sistema de clasificación o colocación Estado dañado Restricciones de uso No para préstamo Código de colección Localización permanente Ubicación/localización actual Ubicación en estantería Fecha de adquisición Total de préstamos Signatura topográfica completa Fecha visto por última vez Precio válido a partir de Tipo de ítem Koha
    Clasificación Universidad Autónoma de Chapingo   Préstamo interno   Tesis digitales de Doctorado Biblioteca Digital Biblioteca Digital En línea 20/02/2023   Tesis digital 20/02/2023 20/02/2023 Tesis digital